ABNORMAL PSYCHOLOGY (Record no. 19384)

MARC details
000 -LEADER
fixed length control field 00335nam a22001577a 4500
003 - CONTROL NUMBER IDENTIFIER
control field SGT
020 ## - INTERNATIONAL STANDARD BOOK NUMBER
International Standard Book Number 9789353065591
082 ## - DEWEY DECIMAL CLASSIFICATION NUMBER
Classification number 616.89,BUT
100 ## - MAIN ENTRY--PERSONAL NAME
Personal name BUTCHER, JAMES .N
245 ## - TITLE STATEMENT
Title ABNORMAL PSYCHOLOGY
250 ## - EDITION STATEMENT
Edition statement 17TH
260 ## - PUBLICATION, DISTRIBUTION, ETC. (IMPRINT)
Place of publication, distribution, etc NOIDA
Name of publisher, distributor, etc PEARSON
Year of Publication 2017
300 ## - PAGE DESCRIPTION
No. of Pages 883
650 ## - SUBJECT ADDED ENTRY--TOPICAL TERM
Topical term or geographic name as entry element PSYCHOLOGY
942 ## - ADDED ENTRY ELEMENTS (KOHA)
Source of classification or shelving scheme Dewey Decimal Classification
Koha item type Books
942 ## - ADDED ENTRY ELEMENTS (KOHA)
-- 207
Holdings
Withdrawn status Lost status Source of classification or shelving scheme Damaged status Not for loan Collection code Home library Current library Shelving location Date acquired Vendor Name Cost, normal purchase price SGTU Bill Number Total Checkouts Total Renewals Full call number Accession No. (Barcode) Date last seen Date last borrowed Bill Date Koha item type Checked out
    Dewey Decimal Classification     ENGINEERING SGT Engineering Library SGT Engineering Library Text Book 04/11/2019 AHUJA BOOK COMPANY 859.00 SGTU 11497 39 1 616.89,BUT FE7651 08/05/2026 27/04/2026 19/10/2019 Books  
    Dewey Decimal Classification     ENGINEERING SGT Engineering Library SGT Engineering Library Text Book 04/11/2019 AHUJA BOOK COMPANY 859.00 SGTU 11497 40   616.89,BUT FE7652 30/04/2026 30/04/2026 19/10/2019 Books  
    Dewey Decimal Classification     ENGINEERING SGT Engineering Library SGT Engineering Library Text Book 04/11/2019 AHUJA BOOK COMPANY 859.00 SGTU 11497 2   616.89,BUT FE7653 09/03/2021 09/03/2021 19/10/2019 Books 23/03/2021
    Dewey Decimal Classification     ENGINEERING SGT Engineering Library SGT Engineering Library Text Book 04/11/2019 AHUJA BOOK COMPANY 859.00 SGTU 11497 42 3 616.89,BUT FE7654 28/04/2026 21/04/2026 19/10/2019 Books  
    Dewey Decimal Classification     ENGINEERING SGT Engineering Library SGT Engineering Library Text Book 04/11/2019 AHUJA BOOK COMPANY 859.00 SGTU 11497 33 1 616.89,BUT FE7655 26/02/2026 12/02/2026 19/10/2019 Books  
    Dewey Decimal Classification     ENGINEERING SGT Engineering Library SGT Engineering Library Text Book 04/11/2019 AHUJA BOOK COMPANY 859.00 SGTU 11497 40   616.89,BUT FE7656 24/02/2026 11/02/2026 19/10/2019 Books  
    Dewey Decimal Classification     ENGINEERING SGT Engineering Library SGT Engineering Library Text Book 04/11/2019 AHUJA BOOK COMPANY 859.00 SGTU 11497 39   616.89,BUT FE7657 20/04/2026 03/04/2026 19/10/2019 Books  
    Dewey Decimal Classification     ENGINEERING SGT Engineering Library SGT Engineering Library Text Book 04/11/2019 AHUJA BOOK COMPANY 859.00 SGTU 11497 35   616.89,BUT FE7658 01/05/2026 21/04/2026 19/10/2019 Books  
    Dewey Decimal Classification     ENGINEERING SGT Engineering Library SGT Engineering Library Text Book 04/11/2019 AHUJA BOOK COMPANY 859.00 SGTU 11497 24   616.89,BUT FE7659 11/05/2026 30/04/2026 19/10/2019 Books  
    Dewey Decimal Classification     ENGINEERING SGT Engineering Library SGT Engineering Library Text Book 04/11/2019 AHUJA BOOK COMPANY 859.00 SGTU 11497 38 1 616.89,BUT FE7660 11/05/2026 30/04/2026 19/10/2019 Books